000 09723nam a22007697a 4500
005 20100517095936.0
010 _aHIN-89333 B-420735-776
020 _a9788131731505
_c975.00
035 _aHN-61679
035 _aB-420735-776
037 _bDBAD /VEN
082 _a000
100 _aथौर्प, एडगर
_926496
245 _aपियर्सन सामान्य अध्ययन 2010 /
_cएडगर थौर्प एवं शोविक थौर्प
246 _aPiyarsan Samavy Adhyayan 2010/
_bEdagar Thaurp evm Shovik Thaurp
260 _aनोएडा
_bपियर्सन एजुकेशन
_c2010
270 _a7वीं मंजिल ए-8 (ए) सैक्टर 62
_bनोएडा
300 _aवि.पृ
_c25सेमी (अजिल्द)
650 _aसामान्य ज्ञान
_926497
650 _aGeneral knowlege
_926498
700 _aथौर्प, शोविक
_918606
942 _2ddc
_cHN
_h000
_mथौर्पए
999 _c36140
_d36140